| 000 | 01036nam a22002297a 4500 | ||
|---|---|---|---|
| 003 | OSt | ||
| 005 | 20250827104932.0 | ||
| 008 | 240308b ||||| |||| 00| 0 eng d | ||
| 040 | _c0 | ||
| 082 | _aDPer 621.317 Ie21 July 2022 v. 37 n. 7 | ||
| 100 |
_aGeng, Xinghai. _eauthor. _954130 |
||
| 245 |
_aPerformance analysis and improvement of PI-type current controller in digital average current mode controlled three-phase six-switch boost PFC rectifier / _cXinghai Geng, Jianping Xu, Lei Wang, Zhengge Chen, and Rui Huang. |
||
| 260 |
_aNew York ; _bThe Institute of Electrical and Electronics Engineers, Inc. , _cJuly 2022. |
||
| 300 |
_avolume 37, pages 7871-7882 : _billustration ; _c28 cm. |
||
| 500 | _aIEEE Transactions on Power Electronics, vol. 37, no. 7, pages 7871-7882, July 2022. | ||
| 700 |
_aGeng, Xinghai. _eauthor. _954130 |
||
| 700 |
_aXu, Jianping. _eauthor. _954131 |
||
| 700 |
_aWang, Lei. _eauthor. _954132 |
||
| 700 |
_aChen, Zhengge. _eauthor. _954133 |
||
| 700 |
_aHuang, Rui. _eauthor. _954134 |
||
| 942 |
_2ddc _cPER |
||
| 999 |
_c19553 _d19553 |
||